ბათუმის შოთა რუსთაველის სახელმწიფო უნივერსიტეტის ბიბლიოთეკა

Массовая литература XX века (ბიბ.ჩანაწერი № 35477)

000 -LEADER
fixed length control field 00610nam a2200229Ia 4500
001 - CONTROL NUMBER
control field 1336
003 - CONTROL NUMBER IDENTIFIER
control field GE_BSU
008 - FIXED-LENGTH DATA ELEMENTS--GENERAL INFORMATION
fixed length control field 181216s||||||||xx |||||||||||||| ||und||
020 ## - INTERNATIONAL STANDARD BOOK NUMBER
International Standard Book Number 9785976500525
040 ## - CATALOGING SOURCE
Transcribing agency GE_BSU
080 ## - UNIVERSAL DECIMAL CLASSIFICATION NUMBER
Universal Decimal Classification number 821.161.1(075.8)
100 ## - MAIN ENTRY--PERSONAL NAME
Personal name Черняк,М.А.
245 ## - TITLE STATEMENT
Title Массовая литература XX века
245 ## - TITLE STATEMENT
Remainder of title уч-е пособие для студ. вуза
260 ## - PUBLICATION, DISTRIBUTION, ETC.
Place of publication, distribution, etc. Москва
260 ## - PUBLICATION, DISTRIBUTION, ETC.
Name of publisher, distributor, etc. Флинта
260 ## - PUBLICATION, DISTRIBUTION, ETC.
Date of publication, distribution, etc. 2007
300 ## - PHYSICAL DESCRIPTION
Extent 430стр.
653 ## - INDEX TERM--UNCONTROLLED
Uncontrolled term Массовая литература XX века
942 ## - ADDED ENTRY ELEMENTS (KOHA)
Koha item type წიგნი
ეგზემპლარები
Withdrawn status Lost status Damaged status Not for loan Date acquired Barcode Date last seen Price effective from Koha item type
        2018-12-17 1706 2018-12-17 2018-12-17 წიგნი